Did It Happen Before or After 1500 AD? Quiz Stats

 Plays Quiz Updated Aug 6, 2018

Challenge
Share
Tweet
Embed
Score 0/30 Timer 06:00
6 Plays Today
Event (B) or (A) % Correct
Elizabeth becomes Queen of England.???
88.7%
Columbus makes his first voyage to the Americas.???
88.4%
Joan of Arc is martyred.???
87.8%
England defeats the Spanish Armada.???
86.6%
Constantinople falls to the Ottoman Turks.???
74.3%
The Chinese finish construction on the Forbidden City.???
72%
Henry VII defeats Richard III at the Battle of Bosworth.???
71.8%
The Incan Empire builds a city at Machu Picchu.???
70.8%
Magellan's crew is the first to sail around the world.???
67.1%
Cortez conquers the Aztec empire.???
65.9%
The Taj Mahal is constructed. ???
65.8%
Martin Luther nails the 95 Theses.???
64.5%
Zheng He makes his first voyage to India and the Indonesian islands.???
63.3%
The 'Year of the Three Popes' during the Great Schism.???
61.7%
The birth of Guru Nanak Dev, a major figure in Hinduism and Sikhism.???
61%
Event (B) or (A) % Correct
Michelangelo completes his sculpture of David.???
60.9%
Leonardo da Vinci completes the Mona Lisa.???
58.7%
The Battle of Castillon, the last battle of the Hundred Years' War is fought.???
58%
Vlad Dracula drives back an army led by Mehmed the Conqueror.???
55.5%
Machiavelli writes 'The Prince'.???
55.3%
Vasco da Gama sails around Africa to India.???
55.1%
Catherine de' Medici instigates the St. Bartholomew's Day massacre.???
54.9%
All Jews are expelled from Spain.???
53.7%
Jan Huss is burned at the stake.???
53.4%
The plague strikes Tudor England.???
49%
The Dancing Plague hits Strasbourg.???
44.1%
The Gregorian Calendar goes into effect.???
43%
Copernicus writes 'Commentariolus', and proclaims the sun as the center of the solar system.???
42.8%
Norway, Sweden, and Denmark form the Kalmar Union.???
39.2%
The Ottoman Empire conquers Eastern Anatolia from the Safavids.???
38%

You're not logged in!

Compare scores with friends on all Sporcle quizzes.
OR
Log In

You Might Also Like...

Show Comments

Extras

Top Quizzes Today


Score Distribution

Your Account Isn't Verified!

In order to create a playlist on Sporcle, you need to verify the email address you used during registration. Go to your Sporcle Settings to finish the process.

Report this User

Report this user for behavior that violates our Community Guidelines.

Details: